[Event "WLS-chT 1819"]
[Site "Wales"]
[Date "2018.12.02"]
[Round "2.16"]
[White "Jukes, Sam"]
[Black "Gibbons, Andrew"]
[Result "1-0"]
[WhiteElo "1888"]
[BlackElo "1945"]
[PlyCount "63"]
[EventDate "2018.11.04"]
[EventType "team-tourn"]
[EventRounds "5"]
[EventCountry "WLS"]
[SourceTitle "EXT 2020"]
[Source "ChessBase"]
[SourceDate "2019.10.17"]
[SourceVersion "1"]
[SourceVersionDate "2019.10.17"]
[SourceQuality "1"]
[WhiteTeam "The Full Ponty"]
[BlackTeam "Nidum"]
[WhiteTeamCountry "WLS"]
[BlackTeamCountry "WLS"]

1. e4 c5 2. Nf3 Nc6 3. d4 cxd4 4. Nxd4 g6 5. Nc3 Bg7 6. Be3 Nf6 7. f3 d5 8. Bb5 Bd7 9. exd5 Nb4 10. Bc4 Rc8 11. Qe2 0-0 12. a3 Na6 13. Bxa6 bxa6 14. Qxa6 Rxc3 15. bxc3 Nxd5 16. Qd3 Nxe3 17. Qxe3 e5 18. Nb3 Bf5 19. 0-0 Bxc2 20. Nd2 Qc7 21. Rac1 Ba4 22. Kh1 Rc8 23. c4 Bf8 24. Ne4 Kg7 25. f4 exf4 26. Qd4+ Kh6 27. Rf3 Bd7 28. Rcc3 Kh5 29. Qf6 Bh6 30. Rh3+ Bxh3 31. Rxh3+ Kg4 32. Rh4# 1-0

[Event "WLS-chT 1718"]
[Site "Wales"]
[Date "2017.11.05"]
[Round "2.3"]
[White "Fathallah, Joe"]
[Black "Gibbons, Andrew"]
[Result "1/2-1/2"]
[WhiteElo "1963"]
[BlackElo "1945"]
[PlyCount "121"]
[EventDate "2017.10.22"]
[EventType "team-tourn"]
[EventRounds "5"]
[EventCountry "WLS"]
[SourceTitle "EXT 2020"]
[Source "ChessBase"]
[SourceDate "2019.10.17"]
[SourceVersion "1"]
[SourceVersionDate "2019.10.17"]
[SourceQuality "1"]
[WhiteTeam "Cardiff"]
[BlackTeam "Nidum"]
[WhiteTeamCountry "WLS"]
[BlackTeamCountry "WLS"]

1. d4 Nf6 2. c4 e6 3. Nc3 Bb4 4. Qc2 Nc6 5. Nf3 d6 6. Bd2 0-0 7. a3 Bxc3 8. Bxc3 Qe7 9. e4 e5 10. d5 Nb8 11. g3 Nbd7 12. Bg2 a5 13. b4 axb4 14. axb4 Rxa1+ 15. Bxa1 c5 16. dxc6 bxc6 17. 0-0 Rd8 18. Bb2 c5 19. b5 Bb7 20. Nd2 Nf8 21. Ra1 Ra8 22. Rxa8 Bxa8 23. Qa4 Qb7 24. f3 Ne6 25. Nb3 Nd7 26. Nc1 Nd4 27. Nd3 Nb6 28. Qa2 Qb8 29. Kf2 Bb7 30. Bf1 h6 31. Ne1 Qa8 32. Qxa8+ Nxa8 33. Ng2 Nb6 34. Ne3 Kf8 35. Bd3 g6 36. Bc3 h5 37. Ba5 Nd7 38. h3 Ke7 39. g4 hxg4 40. hxg4 Nb3 41. Bc3 Nb6 42. Kg2 Nd4 43. Ba5 Nd7 44. Kg3 Nb3 45. Be1 Nd4 46. Kg2 Nf8 47. Bh4+ Kd7 48. Nd5 Nfe6 49. Kf2 Bxd5 50. exd5 Nf4 51. Bf1 Nc2 52. Bg5 Kc7 53. Bxf4 exf4 54. Bd3 Ne3 55. Ke2 g5 56. Kd2 Kb6 57. Kc3 Ka5 58. Kb3 Nd1 59. Bf5 Ne3 60. Bd3 Nd1 61. Bf5 1/2-1/2

[Event "West Wales op 48th"]
[Site "Swansea"]
[Date "2015.11.22"]
[Round "5"]
[White "Gibbons, Andrew"]
[Black "Davis, Lee"]
[Result "1/2-1/2"]
[WhiteElo "1914"]
[BlackElo "1994"]
[PlyCount "30"]
[EventDate "2015.11.20"]
[EventType "swiss"]
[EventRounds "5"]
[EventCountry "WLS"]
[SourceTitle "EXT 2018"]
[Source "ChessBase"]
[SourceDate "2017.10.13"]
[SourceVersion "1"]
[SourceVersionDate "2017.10.13"]
[SourceQuality "1"]

1. d4 Nf6 2. c4 g6 3. Nc3 Bg7 4. e4 d6 5. Be2 0-0 6. Bg5 c5 7. d5 e6 8. Nf3 exd5 9. cxd5 h6 10. Bh4 Re8 11. Nd2 a6 12. a4 Nbd7 13. f4 Nf8 14. 0-0 b6 15. Nc4 g5 1/2-1/2